000
00296nam a2200121Ia 4500
008
220204s9999 xx 000 0 und d
082
_a
007
_b
CRU
100
_a
Crump, Spencer
245
0
_a
Fundamentals ofjournalism
260
_a
New York
_b
McGraw Hill
_c
1974
650
_a
Journalism
942
_c
BK
999
_c
25468
_d
25468